Pakistan : (Record no. 135591)

MARC details
000 -LEADER
fixed length control field 00681nam a22002297a 4500
005 - DATE AND TIME OF LATEST TRANSACTION
control field 20170124110247.0
010 ## - LIBRARY OF CONGRESS CONTROL NUMBER
LC control number 997807
020 ## - INTERNATIONAL STANDARD BOOK NUMBER
Terms of availability 00.00
035 ## - SYSTEM CONTROL NUMBER
System control number 997807
037 ## - SOURCE OF ACQUISITION
Source of stock number/acquisition Cen Lib/Ret
040 ## - CATALOGING SOURCE
Original cataloging agency DPL
Language of cataloging EN
082 ## - DEWEY DECIMAL CLASSIFICATION NUMBER
Classification number 954.7
Item number PAK
110 ## - MAIN ENTRY--CORPORATE NAME
Corporate name or jurisdiction name as entry element Pakistan Publications
9 (RLIN) 97764
245 ## - TITLE STATEMENT
Title Pakistan :
Remainder of title return from the precipice, 1977-1979 /
260 ## - PUBLICATION, DISTRIBUTION, ETC. (IMPRINT)
Place of publication, distribution, etc Pakistan
Name of publisher, distributor, etc Pakistan Publications
270 ## - ADDRESS
Address Post Box No. 1102
City Islamabad
300 ## - PHYSICAL DESCRIPTION
Extent 212p.
Dimensions 21cm(Hb)
500 ## - GENERAL NOTE
General note Includes index
650 ## - SUBJECT ADDED ENTRY--TOPICAL TERM
Topical term or geographic name as entry element Pakistan -- Politics and government -- 1971-1988.
9 (RLIN) 97765
650 ## - SUBJECT ADDED ENTRY--TOPICAL TERM
Topical term or geographic name as entry element Politics and government
9 (RLIN) 97766
942 ## - ADDED ENTRY ELEMENTS (KOHA)
Source of classification or shelving scheme Dewey Decimal Classification
Koha item type English Books
Classification part 954.7
Call number suffix PAK
Holdings
Withdrawn status Lost status Damaged status Not for loan Home library Current library Date acquired Source of acquisition Cost, normal purchase price Total Checkouts Full call number Barcode Date last seen Copy number Cost, replacement price Price effective from Koha item type
        Central Library Central Library 07/10/2015 Cen Lib/Ret 0.00   954.7 PAK 997807 07/10/2015 1 0.00 07/10/2015 English Books

© Delhi Public Library
Hit Counter
free hit counter